00270 a2200133 450000100060000008200170000610000150002324500190003825000060005726000280006330000100009150000180010150500170011980530 a940.5423 JOL aCyril Joly aTake these Men a1 aLondonbConstablec1855 ax 357 aGeneral Books aGifted Books